Statistics for Taylor Swift - Mastermind (Lyrics)

Click here to take the quiz!

General Stats

  • This quiz has been taken 2,094 times
  • The average score is 294 of 337

Answer Stats

Answer% Correct
a
99%
I
99%
The
98%
the
98%
you
98%
You
98%
and
97%
And
97%
mastermind?
97%
mastermind
97%
No
97%
To
97%
to
97%
it
96%
It
96%
me
96%
was
96%
all
95%
I'm
95%
on
95%
time
95%
time,
95%
told
95%
your
95%
If
94%
if
94%
What
94%
Of
93%
of
93%
in
92%
In
92%
mine
92%
now
92%
that
92%
by
91%
'Cause
91%
first
91%
none
91%
Saw
91%
saw
91%
you're
91%
lit
90%
accidental
89%
accidental?
89%
as
89%
like
89%
be
88%
do
88%
wanted
88%
design
87%
knew
86%
play
86%
So
86%
ever
85%
kid
85%
little
85%
one
85%
plan,
85%
plan
85%
up
85%
with
85%
love
84%
Once
83%
then
83%
This
83%
this
83%
I've
82%
line
82%
upon
82%
At
81%
night
81%
same
81%
see,
81%
clockwork
80%
Just
80%
stars
80%
been
79%
since
79%
stop
79%
criminal
78%
gonna
78%
Nothing
78%
room
78%
body
77%
groundwork,
77%
make
77%
we
76%
aligned
75%
cascaded
75%
dominoes
75%
laid
75%
my
75%
planets
75%
scheming
75%
couldn't
74%
fail
74%
is
74%
them
74%
ended
73%
lose
73%
Checkmate,
72%
were
72%
effortless
71%
seem
71%
Had
70%
reaction
70%
chain
69%
way
69%
confess
68%
did
68%
need
68%
only
68%
entire
67%
face
67%
felt
67%
smile
67%
women
67%
care
66%
fuse
66%
hand
66%
every
65%
game
65%
touch
65%
equation
64%
smirk
64%
born
63%
swear
63%
countermoves
62%
lover's
62%
cryptic
61%
wisest
61%
our
60%
pawn
58%
fates
57%
for
57%
liquor
57%
cocktails
56%
assess
55%
wide
55%
free
54%
Strategy
54%
wind
53%
Machiavellian
50%
scene
50%
sets
50%
flowing
48%
tale
48%
sails
45%

Score Distribution

Percentile by Number Answered

Percent of People with Each Score

Your Score History

You have not taken this quiz